000 00331cam a22001097a 4500
008 180718b1988 xxu||||| |||| 00| 0 eng d
082 _aK5x42 Un3n
245 _aNew Directions in ploice training
_cedited by Peter Southgate
260 _aLondon
_bHer Majesty's Stationery Office
_c1988
300 _a256+p.
700 _aSouthgate, Peter
999 _c499935
_d499935